Revolução (Registo nº 70075)

Detalhes MARC
000 -Etiqueta do registo
campo de controlo de comprimento fixo 00953nam a2200313 4500
001 - Identificador do registo
Campo de controlo 70075
010 ## - ISBN
Número (ISBN) 9789897849251
021 ## - Nº depósito legal
Código do país Portugal
Número 528952/24
100 ## - Dados Gerais de Proc.
Dados gerais de processamento 20240603d2023 m||y0pory50030103ba
101 0# - Língua da publicação
Língua do texto, banda sonora, etc. Português
102 ## - País de Publicação
País de publicação Portugal
105 ## - Dados Codif. Livros
Dados codificados dos livros y z 000ay
106 ## - Atributos Físicos
Dados codificados do material textual r
200 1# - Título
Título próprio Revolução
Primeira menção de responsabilidade Hugo Gonçalves
210 #9 - Publicação, Distribuição
Lugar da edição, distribuição, etc. Lisboa
Nome do editor, distribuidor, etc. Companhia das Letras
Data da publicação, distribuição, etc. 2023
215 ## - Descrição física
Descrição física 495, [6] p.
675 ## - CDU
Notação 821.134.3-31"20"
Edição BN
Língua da edição Português
700 ## - Responsabilidade principal
Palavra de ordem Gonçalves
Outra parte do nome Hugo
Datas 1976-
Koha Internal Code 22532
801 #0 - Fonte de origem
País Portugal
Agência BN
Regras de catalogação RPC
090 ## - Números de controlo do sistema (Koha)
Número biblioitem do Koha (gerado automaticamente) 70075
942 ## - Elementos de entrada adicionados (Koha)
Tipo de item no Koha Monografias
Suprimido Disponível no OPAC
Exemplares
Removido (estado) Perdido (estado) Data de aquisição Origem do registo (biblioteca) (codificado) Código da organização que empresta ou é detentora (biblioteca) Código de barras Local Número de inventário Cota Data de empréstimo ou depósito Tipo de circulação (não pode ser emprestado) Preço Tipo de item e material
Disponível Disponível 2024-05-29 Biblioteca Municipal Álvaro de Campos Biblioteca Municipal Álvaro de Campos BMTAV71103 Sala Técnica 71103 R3 GON 2025-04-21 Normal 19.00 Monografias